Top 50 Most Beautiful Countries - Statistics

General Stats
  • This quiz has been taken 2,034 times
    2,002 since last reset
  • The average score is 26 of 49
Answer Stats
Rank Country % Correct
12 United States
96%
30 China
88%
8 France
88%
16 Italy
88%
14 Japan
88%
19 Australia
86%
7 India
83%
5 Mexico
83%
44 Russia
83%
2 New Zealand
81%
21 Norway
81%
50 Sweden
79%
22 Argentina
76%
1 Indonesia
76%
29 Chile
75%
37 Greece
72%
18 Peru
71%
38 Thailand
70%
3 Colombia
69%
43 Iceland
69%
46 Switzerland
64%
24 Malaysia
61%
39 Venezuela
59%
17 Philippines
57%
11 Ecuador
55%
32 Bolivia
51%
20 Costa Rica
50%
49 Panama
49%
26 Iran
48%
45 Dominican Republic
47%
35 Jamaica
45%
6 Kenya
43%
4 Tanzania
40%
9 Papua New Guinea
38%
48 Haiti
36%
33 Nicaragua
32%
41 Myanmar
31%
31 Samoa
30%
25 Tonga
28%
40 El Salvador
23%
13 Vanuatu
23%
15 Solomon Islands
22%
28 Saint Kitts & Nevis
20%
27 Saint Vincent & the Grenadines
19%
42 Uganda
18%
23 Grenada
16%
36 Cape Verde
9%
10 Comoros
9%
34 Eritrea
3%
No matching quizzes found
Score Distribution
Percent of People with Each Score
Percentile by Number Answered
Your Score History
You have not taken this quiz since the last reset